Представление документа в формате RUSMARC

ПолеНазваниеЗначение
  Тип записи i
  Библиографический уровень m
001 Контрольный номер RU/IS/BASE/469204757
005 Дата корректировки 20201206204932.7
010 Индекс ISBN __
a ISBN 978-5-9677-1807-6 (в кор.)
d Цена 204-75
100 Данные общей обработки __
a Данные общей обработки 19141113d2012||||||| 0rusy0189 ca
101 Язык документа 0_
a Язык текста rus
102 Страна публикации __
a Страна публикации ru|
105 Кодированные данные (монография) __
a Кодированные данные (монография) nn|||||||z|zy
127 Кодированные данные (звукозаписи-физические характеристики) __
a Продолжительность проигрывания 02 ч 37 мин
200 Заглавие и сведения об ответственности 1_
a Заглавие Воскресение
e Сведения, относящиеся к заглавию постановка МХАТ СССР : [аудиоспектакль по одноименному роману : 12+]
f Первые сведения об ответственности [руководитель постановки В. И. Немирович-Данченко ; режиссер И. Я. Судаков ; роли исполняют: К. Н. Еланская и др.]
b Общее обозначение материала Звукозапись
210 Выходные данные __
a Место издания Москва
c Издательство 1С-Паблишинг
c Издательство Агентство
d Дата издания 2012
215 Физическое описание __
a Объем 1 электрон. опт. диск (Audio CD)
c Иллюстрации/тип воспроизводства mp3, stereo
d Формат 12х14 см
225 Серия __
a Серия 1С: Аудиотеатр
225 Серия __
a Серия Русская классика
230 Специфическая характеристика материала: электронные ресурсы __
a Обозначение и объем ресурса Электронные звуковые данные
300 Общие примечания __
a Общие примечания Запись 1936 г.
323 Примечание о главных создателях, исполнителях, участниках __
a Примечание о главных создателях, исполнителях, участниках Еланская, К. Н.
323 Примечание о главных создателях, исполнителях, участниках __
a Примечание о главных создателях, исполнителях, участниках Вишневский, А. А.
323 Примечание о главных создателях, исполнителях, участниках __
a Примечание о главных создателях, исполнителях, участниках Книппер-Чехова, О. Л.
323 Примечание о главных создателях, исполнителях, участниках __
a Примечание о главных создателях, исполнителях, участниках Ершов, В. Д.
323 Примечание о главных создателях, исполнителях, участниках __
a Примечание о главных создателях, исполнителях, участниках Новиков, В. К
323 Примечание о главных создателях, исполнителях, участниках __
a Примечание о главных создателях, исполнителях, участниках Прудкин, М. И.
323 Примечание о главных создателях, исполнителях, участниках __
a Примечание о главных создателях, исполнителях, участниках Ливанов, Б. Н.
323 Примечание о главных создателях, исполнителях, участниках __
a Примечание о главных создателях, исполнителях, участниках Дорохин, Н. И.
323 Примечание о главных создателях, исполнителях, участниках __
a Примечание о главных создателях, исполнителях, участниках Жильцов, А. В.
323 Примечание о главных создателях, исполнителях, участниках __
a Примечание о главных создателях, исполнителях, участниках Пузырев, М. И.
323 Примечание о главных создателях, исполнителях, участниках __
a Примечание о главных создателях, исполнителях, участниках Кнебель, В. И.
323 Примечание о главных создателях, исполнителях, участниках __
a Примечание о главных создателях, исполнителях, участниках Качалов, В. И.
330 Аннотация __
a Аннотация "Воскресение" - последний роман Льва Николаевича Толстого. В нем писатель затрагивает вечные, прежде всего, нравственные вопросы: о добродетели, справедливости, о счастье и смысле жизни. Главный герой романа князь Нехлюдов, будучи присяжным на суде, узнает в подсудимой горничную Катю Маслову, которую он в свое время соблазнил и бросил. Он решает искупить перед ней свою вину…
333 Примечание о целевом назначении __
a Примечание о целевом назначении 12+. Для детей старше 12 лет
337 Примечание о системных требованиях (электронные ресурсы) __
a Примечание о системных требованиях (электронные ресурсы) Системные требования: MS Windows ; Pentium 100 ; RAM 16 Мб ; SVGA, 800x600 ; CD-ROM ; зв. карта ; колонки или наушники ; мышь или аудиосистемы с поддержкой формата MP3: музыкальный центр ; CD/DVD-плеер и т.д.
606 Тематические рубрики __
a Основная рубрика Музыка и зрелищные искусства
606 Тематические рубрики __
a Основная рубрика Художественное радиовещание
606 Тематические рубрики __
a Основная рубрика Художественная литература
606 Тематические рубрики __
a Основная рубрика Русская литература XIX в. (произведения)
610 Ключевые слова __
a Ключевые слова аудиопостановки
a Ключевые слова аудиоспектакли
a Ключевые слова Катюша Маслова
a Ключевые слова классическая литература
a Ключевые слова литературные герои
a Ключевые слова литературные персонажи
a Ключевые слова романы
a Ключевые слова русская классика
a Ключевые слова русская классическая литература
a Ключевые слова тема взаимоотношений
a Ключевые слова тема дворянства
a Ключевые слова тема женщины
a Ключевые слова тема любви
a Ключевые слова тема мужчины
a Ключевые слова тема общества
a Ключевые слова тема русского дворянства
a Ключевые слова тема человека
686 Индексы других классификаций __
2 Код системы rubbks
a Классификационный индекс 85.381.3(2)-7я04
686 Индексы других классификаций __
2 Код системы rubbks
a Классификационный индекс 84(2=411.2)52-4я04
700 Автор _1
a Фамилия Толстой
b Имя Л. Н.
g Полное личное имя Лев Николаевич
4 Код отношения 070
702 Вторичная интеллектуальная ответственность _1
a Фамилия Немирович-Данченко
b Имя В. И.
4 Код отношения Прочие
4 Код отношения 570
702 Вторичная интеллектуальная ответственность _1
a Фамилия Судаков
b Имя И. Я.
4 Код отношения Режиссер
4 Код отношения 070
711 Наименование организации. (Альтернативная ответственность) __
a Организация/ юрисдикция Московский художественный академический театр СССР
801 Источник записи _0
a Страна ru
b Организация Муниципальное бюджетное учреждение культуры "Централизованная библиотечная система" г. Сургут (Центральная городская библиотека им. А. С. Пушкина)
c Дата составления 20141113
g Правила каталогизации КиК/Лукашук
801 Источник записи _1
a Страна ru
b Организация Муниципальное бюджетное учреждение культуры "Централизованная библиотечная система" г. Сургут (Центральная городская библиотека им. А. С. Пушкина)
c Дата составления 20141113
g Правила каталогизации КиК/Лукашук
852 Данные о местонахождении __
j Шифр хранения 85.381.3(2)-7я04
i Авторский знак Т 52
901 Тип документа 1_
t Тип документа 0
903 Характеристики (МАРС) __
a Дата передачи 20141113
969 Тип издания __
a Тип издания аудиоспектакль; издание для слепых
990 Данные о заказе (DOS) __
j Количество экземпляров (DOS) 2
t N записи в КСУ для И/У (DOS) 201411